000 00727nam a2200217 i 4500
001 105981
003 ES-MaACL
007 t|
008 060919s1980 fr ||||1| fre d
080 _a331"19"
245 0 0 _aAspects contemporains du travail.
260 _aParis :
_bJacques Mandrin,
_c1980.
300 _a144 p. :
_bil. ;
_c23 cm.
490 1 _aNon! : repères pour le socialisme ;
_v2
500 _aBiblioteca Juan Andrade.
500 _aNúmero monográfico de la revista: Non! : repères pour le socialisme, Paris, nº 2, jul.-ag. 1980.
650 1 4 _aTrabajo-
_yS.XX.
_917600
830 0 _aNon! : repères pour le socialisme ;
_v2
_9232793
852 _aES-MaACL
_jAND-981
_bR.110268
999 _c105981
_d105981